书目信息 |
| 题名: |
怎样铣牙嵌式离合器
|
|
| 作者: | 邵组导 编著 | |
| 分册: | ||
| 出版信息: | 北京 机械工业出版社 1966 |
|
| 页数: | 65页 | |
| 开本: | 20cm | |
| 丛书名: | ||
| 单 册: | ||
| 中图分类: | TU54 , TG54 | |
| 科图分类: | ||
| 主题词: | 铣削 , 铣床 | |
| 电子资源: | ||
| ISBN: | ||
| 000 | 00607nam0 2200229 450 | |
| 001 | 0633913286 | |
| 005 | 20061127082338.93 | |
| 010 | @dCNY0.20 | |
| 100 | @a20060417d1966 km y0chiy0120 ea | |
| 101 | 0 | @achi |
| 102 | @aCN@b110000 | |
| 200 | 1 | @a怎样铣牙嵌式离合器@Azen yang xi ya qian shi li he qi@f邵组导编著@Fshao zu dao bian zhu |
| 210 | @a北京@c机械工业出版社@d1966 | |
| 215 | 1 | @a65页@d20cm |
| 300 | @a机械工人学习材料 | |
| 606 | 0 | @a铣削 |
| 606 | 0 | @a铣床 |
| 690 | @aTU54@v4 | |
| 690 | @aTG54@v3 | |
| 701 | 0 | @a邵组导@Ashao zu dao@4编著 |
| 801 | 0 | @aCN@bPFT@c20061127 |
| 905 | @a10447@dTG54@e15 | |
| 怎样铣牙嵌式离合器/邵组导编著.-北京:机械工业出版社,1966 |
| 65页;20cm |
| 机械工人学习材料 |
| ISBN :CNY0.20 |
| ● |
| 相关链接 |
|
|
|
|
正题名:怎样铣牙嵌式离合器
索取号:TG54/15
 
预约/预借
| 序号 | 登录号 | 条形码 | 馆藏地/架位号 | 状态 | 备注 |
| 1 | 0017439 | 001362867 | 第二样本阅览室/ [索取号:TG54/15] | 在馆 | |
| 2 | 0017440 | 202259714 | 密集书库/ [索取号:TG54/15] | 在馆 | |
| 3 | 0017441 | 202259705 | 密集书库/ [索取号:TG54/15] | 在馆 | |
| 4 | 0017445 | 202259670 | 密集书库/ [索取号:TG54/15] | 在馆 |